1055 1818 1750 1644 1945 1302 1299 1069 1331 1737 1976 1561 1864 1204 1241 1596 1771 1955 1147 1323 1214 1443 1387 1135 1801 1465 1570 1548 1508 1992 1363 1045 1001 1654 1599 1242 1604 1325 1198 1710 1332 1776 1200 1335 1075 1458 1915 1572 1503 1065 1204 1915 1993 1800 1700 1189 1684 1935 1287 1593 1598 1802 1553 1429 1601 1158 1802 1614 1311 1985 1922 1043 1137 1489 1249 1789 1131 1360 1965 1741 1284 1371 1972 1881 1397 1294 1038 1924 1316 1601 1494 1413 1980 1310 1562 1509 1950 1933 1865 BCNSPRNW ULIB Ver.6.0+V

เปลี่ยนเป็นภาษาไทย

Change to English
 แสดงรายละเอียดบรรณานุกรม
  กลับหน้าหลัก

Brief Record : Get Marc (ISO 2709) : E-mail record : QR code < ปิดหน้าต่าง
LEADER : 00000nam 2200000uu 4500
001    13399114128
003     ULIB
008    110320s||||||||th 000 0 tha d
099    วจ.BF481^bจ484ผ
100 0  จินตวีร์พร แป้นแก้ว
245 00 ผลของตัวแบบต่อการลดความวิตกกังวลของนักศึกษาพยาบาลก่อนการศึกษาปฏิบัติหลักการและเทคนิคการพยาบาล/^cจินตวีร์พร แป้นแก้ว และ ชญาณิศา เขมทัศน์
260    เชียงใหม่ :^bวิทยาลัยพยาบาลบรมราชชนนี เชียงใหม่,^c2554
300    109 หน้า :^bตาราง
500    รายงานการวิจัย
650  7 ความวิตกกังวล^xนักศึกษาพยาบาล^xวิจัย
700 02 ชญาณิศา เขมทัศน์
710 2  วิทยาลัยพยาบาลบรมราชชนนี. ^bเชียงใหม่
945    ^p0^l0^i031006
945    ^p0^l0^i031007
995    ทศพร
999 ^a ใช้งานได้ทุกระบบ
รายการนี้ยังไม่มีแท็ก
คุณยังไม่ได้ล็อกอิน คุณสามารถมีกิจกรรมร่วมกับเว็บไซต์ได้ แต่ต้องล็อกอินก่อน ::
  ล็อกอิน

รายการสื่อสารสนเทศ

ลำดับที่ ประเภท เลขเรียก/บาร์โค้ด สถานที่ สถานะ
1. งานวิจัย
งานวิจัย
วจ.BF481 จ484ผ ฉ.1 
  Barcode: 031006
ห้องสมุดวิทยาเขตสวรรค์ประชารักษ์
►วิจัย
บนชั้น
2. งานวิจัย
งานวิจัย
วจ.BF481 จ484ผ ฉ.2 
  Barcode: 031007
ห้องสมุดวิทยาเขตสวรรค์ประชารักษ์
►วิจัย
บนชั้น

รายการใกล้เคียง
    ผู้แต่ง [จินตวีร์พร แป้นแก้ว]

BibComment


ยังไม่เคยถูกคอมเมนท์

คอมเมนท์ทรัพยากรรายการนี้
  คอมเมนท์: ผลของตัวแบบต่อการ..


 Copyright 2026. Bcnsprnw @Library